000 00320nab a22001097u 4500
008 130520b1987 xxu||||| |||| 00| 0 spa d
041 _aspa
100 1 _aEstor, M.
_967410
245 0 0 _aEl trabajo de las mujeres no termina nunca
_cM. Estor
773 0 _tConcilium
_gV.2,1987,págs.339-347
_x0210-1041
_wRev134
942 _cAR
999 _c355314
_d355314